| 000 | 00628cam a22001934a 4500 | ||
|---|---|---|---|
| 005 | 20250605163939.0 | ||
| 008 | 250528s ||||||||||||||||||||||||d | ||
| 035 | _a14975 | ||
| 020 | _a333354583 | ||
| 040 |
_aGR-AtMCL _bgre _dGR-AtMCL _eAACR2 |
||
| 245 | 1 | _aMastering Data Processing | |
| 300 | _a266 | ||
| 520 | _aPreface, Acknowledgements, An Introduction to Data Processing, The Tools of Data Processing, Developing Systems, Making Data Processing Work, The Applications of Data Processing, Index. | ||
| 700 | 1 |
_aBingham J. _9794 |
|
| 942 | _cBK | ||
| 710 | 2 |
_aMacmillan Business _99714 |
|
| 999 |
_c584 _d584 |
||